000 00191nam a2200085 4500
001 1236178
005 20251001144408.0
245 _aBİLGİSAYAR VE BEYİN
_cJOHN VON NEUMANN
260 _bTÜBİTAK
999 _c1236178
_d1236178